00815nam a2200229 a 450000100100000000500170001000800410002704000250006808200230009310000400011624500710015625000120022726000620023930000210030159000270032265000260034965000240037565000130039970000350041295201210044799900170056800004763420260508134417.0110304s1989 dr 000 0 spa d aDO-SdBNPbspacBNPHU a248.5bT173j, 19891 aTardif, Emiliano,d1928-199993503010aJesús es el mesías /cEmiliano Tardif, José H. Prado Flores. a2a. ed. aSanto Domingo :bEdiciones M.S.C.,c1989fAmigo del Hogar a160 p. ;c21 cm. aInventariado, 2018/ YL 4aEvangelización9476 0aVida cristiana9668 0aFe910241 aPrado Flores, José H.910971 0010718PDaPDbPDcCTd2018-07-06iLF1l0o248.5 T173j, 1989p47634-10r2020-06-25w2020-06-25yLFPDZNo se presta c47122d47122